Wills: Law and Practice (Record no. 43553)

MARC details
000 -LEADER
fixed length control field 00388nam a2200169Ia 4500
020 ## - INTERNATIONAL STANDARD BOOK NUMBER
ISBN 9783752057
050 ## - CALL MARK
Classification number KP 110 .A2/
100 ## - STATEMENT OF RESPONSIBILITY--MAIN AUTHOR NAME
Personal name Abayomi.K
245 #0 - TITLE STATEMENT
Title Wills: Law and Practice
260 ## - PUBLICATION, DISTRIBUTION, ETC. (IMPRINT)
Place of publication Lagos
260 ## - PUBLICATION, DISTRIBUTION, ETC. (IMPRINT)
Name of publisher Mbeyi & Associates Nig. Ltd.
260 ## - PUBLICATION, DISTRIBUTION, ETC. (IMPRINT)
Year of publication 2004
650 ## - SUBJECT ADDED ENTRY--TOPICAL TERM
Topical Term Lagos
942 ## - ADDED ENTRY ELEMENTS (KOHA)
Koha item type Books
Holdings
Withdrawn status Lost status Source of classification or shelving scheme Damaged status Not for loan Permanent Location Current Location Shelving location Date acquired Accession Number Price effective from Koha item type
    Library of Congress Classification     Law Library Law Library Items on shelf 06/03/2025 0185044 06/03/2025 Books
    Library of Congress Classification     Law Library Law Library Items on shelf 06/03/2025 0185062 06/03/2025 Books